Ganges River City Map Quiz - Statistics

General Stats
  • This quiz has been taken 59 times
  • The average score is 4 of 9
Answers on the Map
Answers color-coded by a green-red scale on the quiz's map according to % correct below.
 
Answer Stats
Answer % Correct
Dhaka
ঢাকা
76%
Kolkata
কলকাতা
57%
Varanasi
वाराणसी
57%
Patna
पटना
52%
Kanpur
कानपुर
46%
Khulna
খুলনা
35%
Bhagalpur
भागलपुर
33%
Prayagraj
प्रयागराज
33%
Rajshahi
রাজশাহী
33%
No matching quizzes found
Score Distribution
Percent of People with Each Score
Percentile by Number Answered
Your Score History
You have not taken this quiz